000 00478nam a2200193 a 4500
001 1758175449841
003 YourLibrary
005 20250919115708.0
008 250918s1986##################000#0#eng##
020 _a9780345346292
082 0 4 _a153
_bSAG
100 1 _aSagan, Carl,
_eauthor.
245 1 0 _aDragons of Eden :
260 _bBallantine Books,
_c1986.
300 _a289 pages
650 0 _aScience.
942 _cENGLISH
040 _aYourLibrary
_beng
_cYourLibrary
999 _c588013
_d588013